000 00951nam a22003017a 4500
005 20220329141236.0
008 971010s1966 r 00010 d
010 _a65014
011 _a65986
035 _a73698
082 _a631.0913
_bW4
100 0 0 _aWebster, Cyril Charles.
_9121305
245 _aAgriculture in the tropics
260 _aLondon :
_bLongman,
_c1966
300 _a488 p
490 _aTropical agriculture series
500 _a1992/32
590 _aBATCH-UPD
_b10
_c20130110
_lUCH01
_h1036
590 _aBATCH-UPD
_b10
_c20130410
_lUCH01
_h0637
590 _aBATCH-UPD
_b10
_c20130913
_lUCH01
_h2356
590 _aCONVERSION
_b10
_c20130109
_lUCH01
_h1335
650 1 4 _aAgricultura
_xTrĂ³picos.
_91888
650 1 4 _aTrĂ³picos
_xAgricultura.
_9115279
700 0 _aWilson, Peter Northcote.
_9122230
830 0 _aTropical agriculture series
_9115305
901 _aBK
949 _a631.0913 W4
_bEA
_cLIBRO
_d-6514
_eLIBRO
_h10336
_i73698
_si
999 _c65014
_d65014